Linky dôvery v Česko-Slovensku vývoj, stav a perspektívy

Bibliographic Details
Other Authors: Kredátus, Jozef, 1935- (Compiler)
Format: Book
Language:Slovak
Czech
PhysicalDescription:55 strán 22 cm
Published: Humenné Nemocnica s poliklinikou 1992
Subjects:

MARC

LEADER 00000cam a2200000 a 4500
001 vtls001068534
003 SK-MaSNL
005 20260426004046.0
008 240226s1992 xo gr 000 0 slo
015 |a SNBA1992/08 
020 |q (brožované) 
035 |a SNK000011364 
035 |a 1C5009E3-645A-49C9-9EAE-2A6083DBBF79 
035 |a urn:nbn:sk:snk-am00iekq 
040 |a SNK  |b slo  |c SNK  |e AACR2 
041 0 |a slo  |a cze  |b eng  |b ger 
043 |a e-xr---  |a e-xo--- 
044 |a xo  |c SK 
072 7 |a 316.4/.7  |x Sociálne interakcie  |2 konspekt 
080 |a 364-782-022.258  |2 2011 
080 |a 364.6-022.258  |2 2011 
080 |a 316.772.4  |2 2011 
080 |a (437.3)  |2 2011 
080 |a (036)  |2 2011 
080 |a 659.2  |2 2011 
080 |a 615.851  |2 2011 
080 |a 615.8  |x Fyzioterapia. Psychoterapia. Alternatívna medicína  |2 konspekt 
080 |a (437.6)  |2 2011 
245 0 0 |a Linky dôvery v Česko-Slovensku  |b vývoj, stav a perspektívy  |c [zostavil a redakčne spracoval Jozef Kredátus] 
246 3 1 |a Telephone confidence lins in Czechoslovakia 
246 3 1 |a Vertrauenslinien in der Tschechoslowakei 
260 |a Humenné  |b Nemocnica s poliklinikou  |c 1992 
300 |a 55 strán  |c 22 cm 
500 |a Súbežný názov v angličtine a nemčine 
546 |a Anglické a nemecké resumé. Čiastočný text v češtine 
650 0 7 |a psychoterapia  |2 SNKPH  |9 2575 
650 0 7 |a krízová intervencia  |2 SNKPH  |9 4330 
650 0 7 |a krízové situácie  |2 SNKPH  |9 1563 
650 0 7 |a interpersonálna komunikácia  |2 SNKPH  |9 2690 
650 0 7 |a poradenstvo  |2 SNKPH  |9 3604 
651 7 |a Česko  |2 SNKPHgeo  |9 16753 
651 7 |a Slovensko  |2 SNKPHgeo  |9 14231 
655 7 |a informačné publikácie  |2 SNKPH  |9 70181 
700 1 |a Kredátus, Jozef,  |d 1935-  |4 com  |9 99578 
852 |a Slovenská národná knižnica 
954 |a iná literatúra (príručky, kuchárske knihy, hobby literatúra, sprievodcovia) pôvodná (slovenská)  |2 lita 
958 |a OND 
958 |a EUIPO 
999 |c 962749  |d 964679 
952 |t P60, <04>, [BOOK], {604}  |a SNK  |b SNK  |y VYP  |7 0  |p 17A0359393  |o snkSC 81953 D1  |i snkD 1260/2002  |8 1  |0 0  |1 0  |4 0  |d 2002-10-09  |l 0  |r 2004-12-31 00:00:00  |w 2026-02-24 
952 |a SNK  |b SNK  |y PREZ  |7 0  |p 17A0966520  |o snkSC 81953  |i snkKSP 5311/92  |0 0  |1 0  |4 0  |d 2012-08-14  |f 1  |l 0  |r 2025-08-18 00:00:00  |w 2026-02-24